History Quiz

Random History or Grab Bag Quiz

One Subcategory in 15 Categories - US Presidents Quiz Stats

 Plays Quiz Updated Jan 20, 2021

Support Sporcle.
Go Orange.
Score 0/15 Timer 05:00
4 Plays Today
Question Answer Wrong Answers
MUSIC: What musical instrument did Bill Clinton play on the Arsenio Hall Show in 1992? Saxophone
94.6%
Piano
2.3%
Drums
1%
Electronic guitar
1.6%
GAMING: Which popular toy is named after a US President? Teddy bear
91.6%
Barbie doll
0.3%
G.I. Joe
3.8%
Spirograph
0.7%
RELIGION: Other than John F. Kennedy, who is the only Catholic US President? Joe Biden
89.3%
Ronald Reagan
2.8%
Herbert Hoover
1.6%
Grover Cleveland
2.5%
GEOGRAPHY: In which US state is Mount Rushmore located? South Dakota
81%
Montana
3.2%
North Dakota
12.8%
Wyoming
2.9%
HOLIDAY: Which of these US Presidents did not die on July 4th? George Washington
70.7%
Thomas Jefferson
4.7%
John Adams
5.6%
James Monroe
15%
JUST FOR FUN: Whose middle initial stands for nothing? Harry S. Truman
69.7%
Chester A. Arthur
10.8%
Dwight D. Eisenhower
11.1%
Warren G. Harding
6.4%
LANGUAGE: What was Martin Van Buren's first language? Dutch
69.2%
German
22%
Swedish
3.6%
Gaelic
2%
TELEVISION: Whose disembodied head is a recurring character in the TV series Futurama, appearing in 18 episodes and three TV films? Richard Nixon
67.8%
John F. Kennedy
5.4%
Abraham Lincoln
18.1%
George Washington
6.9%
LITERATURE: Who is the only US President to have won the Pulitzer Prize? John F. Kennedy
48%
Barack Obama
29.4%
Dwight D. Eisenhower
6.6%
Franklin D. Roosevelt
13.1%
MISCELLANEOUS: Who is the most recent US President without a college degree? Harry S. Truman
43.2%
Donald Trump
24.5%
George W. Bush
6.6%
Calvin Coolidge
23.4%
ENTERTAINMENT: Who has not won a Grammy Award for Best Spoken Word Album? John F. Kennedy
43%
Bill Clinton
12%
Barack Obama
13.7%
Jimmy Carter
27.5%
HISTORY: Who was the first US President born after the Declaration of Independence? Martin Van Buren
34.9%
James K. Polk
30%
Andrew Jackson
17.6%
John Quincy Adams
14.9%
SCIENCE: Who is the only US President to have attended (but not graduated from) medical school? William Henry Harrison
24.9%
Millard Fillmore
27.2%
John Tyler
16.3%
Rutherford B. Hayes
28.2%
SPORTS: Who was the first US President to attend the Olympic Games while in office? Ronald Reagan
24.5%
Theodore Roosevelt
40%
Herbert Hoover
22.9%
Lyndon B. Johnson
12.2%
MOVIES: Donald Trump won a Golden Raspberry Award for Worst Supporting Actor for playing himself in which film? Ghosts Can't Do It
7.3%
Home Alone 2: Lost in New York
69%
Celebrity
12.4%
Zoolander
10.4%

You're not logged in!

Compare scores with friends on all Sporcle quizzes.
OR
Log In

From the Vault

You're Getting 'Warmer'

by needapausebutton

This quiz could get you a little hot under the collar.
Remove Ads.
Support Sporcle.
Get the best of Sporcle when you Go Orange. This ad-free experience offers more features, more stats, and more fun while also helping to support Sporcle. Thank you for becoming a member.

Show Comments

Extras

Top Quizzes Today


Score Distribution

Your Account Isn't Verified!

In order to create a playlist on Sporcle, you need to verify the email address you used during registration. Go to your Sporcle Settings to finish the process.

Report this User

Report this user for behavior that violates our Community Guidelines.

Details: